Guess the Wicked Lyrics 6 Quiz Stats

 Plays Quiz not verified by Sporcle

Score 0/69 Timer 10:00
0 Plays Today
% Correct
I
92%
and
91.7%
The
91.7%
and
91.7%
the
91.7%
O
75.3%
you
71.3%
you
71.3%
Is
66.8%
is,
66.8%
is
66.8%
We
65.6%
it
61.2%
it
61.2%
on
59.5%
what
59%
Shiz
56.3%
Shiz-zzzzzzz
56.3%
that
56.1%
dear
55.9%
dear
55.9%
Old
55.2%
old
55.2%
At
53.5%
in
53.5%
at
53.5%
at
53.5%
her
52.8%
her,
52.8%
there
51.5%
were
50.9%
our
50.6%
our
50.6%
our
50.6%
Our
50.6%
% Correct
know
49.6%
Glinda!
49.1%
halls
47.8%
Well,
47.8%
did
47.4%
did
47.4%
true
47.3%
When
47.3%
friend?
46.6%
'friend'
46.6%
hallowed
46.2%
by
46%
school
45.9%
depends
44.6%
walls
44%
mean
43.8%
days
43.6%
days
43.6%
paths
41.7%
cross
41.7%
sight
40.7%
vine
39.5%
draped
38.8%
still
38.2%
learned
37.1%
lessons
36.6%
proudliest
36.3%
hair
35%
turned
34.7%
grey
34.1%
shall
33.9%
revere
32.5%
hath
32.2%
sere
20.8%

You're not logged in!

Compare scores with friends on all Sporcle quizzes.
OR
Log In

Show Comments

Extras

Created Oct 23, 2010ReportNominate
Tags:wicked

Top Quizzes Today


Score Distribution

Your Account Isn't Verified!

In order to create a playlist on Sporcle, you need to verify the email address you used during registration. Go to your Sporcle Settings to finish the process.

Report this User

Report this user for behavior that violates our Community Guidelines.

Details: